Household furniture and interior decoration (Record no. 7626)

MARC details
000 -CABECERA
campo de control de longitud fija 00810nam a2200253 a 4500
001 - NÚMERO DE CONTROL
campo de control BRCA_7957
005 - FECHA Y HORA DE LA ÚLTIMA TRANSACCIÓN
campo de control 20190320210053.0
008 - DATOS DE LONGITUD FIJA--INFORMACIÓN GENERAL
campo de control de longitud fija 100314s1970----enka###f##---#000-0#eng-#
041 ## - CÓDIGO DE LENGUA
Código de lengua del texto/banda sonora o título independiente eng
044 ## - CÓDIGO DEL PAÍS DE LA ENTIDAD EDITORA/PRODUCTORA
Código MARC del país enk
050 #4 - SIGNATURA TOPOGRÁFICA DE LA BIBLIOTECA DEL CONGRESO
Número de clasificación NK2135
Número de documento/Ítem .H66
-- 1970
100 1# - ENTRADA PRINCIPAL--NOMBRE DE PERSONA
Nombre de persona Hope, Thomas
9 (RLIN) 19714
245 10 - MENCIÓN DE TÍTULO
Título Household furniture and interior decoration
Mención de responsabilidad, etc. executed from designs by Thomas Hope.
260 ## - PUBLICACIÓN, DISTRIBUCIÓN, ETC.
Lugar de publicación, distribución, etc. Londres
Nombre del editor, distribuidor, etc. Alec Tiranti
Fecha de publicación, distribución, etc. 1970
300 ## - DESCRIPCIÓN FÍSICA
Extensión 53 p.
Otras características físicas il., 60 láminas
Dimensiones 28 cm.
500 ## - NOTA GENERAL
Nota general 3117
500 ## - NOTA GENERAL
Nota general A complete reprint of the 1807 edition with preface by Clifford Musgrave
650 14 - PUNTO DE ACCESO ADICIONAL DE MATERIA--TÉRMINO DE MATERIA
Término de materia o nombre geográfico como elemento de entrada Muebles
Subdivisión de forma Decoración de interiores
9 (RLIN) 19715
650 14 - PUNTO DE ACCESO ADICIONAL DE MATERIA--TÉRMINO DE MATERIA
Término de materia o nombre geográfico como elemento de entrada Muebles
Subdivisión de forma Ornamentación
9 (RLIN) 19716
650 14 - PUNTO DE ACCESO ADICIONAL DE MATERIA--TÉRMINO DE MATERIA
Término de materia o nombre geográfico como elemento de entrada Diseño de interiores
9 (RLIN) 19717
650 14 - PUNTO DE ACCESO ADICIONAL DE MATERIA--TÉRMINO DE MATERIA
Término de materia o nombre geográfico como elemento de entrada Artes decorativas
Subdivisión de forma Hogar
9 (RLIN) 19718
902 ## - CATALOGADOR
Iniciales GFM
942 ## - ELEMENTOS DE PUNTO DE ACCESO ADICIONAL (KOHA)
Fuente del sistema de clasificación o colocación Library of Congress Classification
Tipo de ítem Koha Libros
Holdings
Estado de retiro Estado de pérdida Estado dañado No para préstamo Localización permanente Ubicación/localización actual Fecha de adquisición Número de inventario Total de préstamos Signatura topográfica completa Código de barras Fecha visto por última vez Precio válido a partir de Tipo de ítem Koha
El ejemplar forma parte de la colección y puede ser consultado según las políticas vigentes.       Biblioteca del Museo Franz Mayer (Rogerio Casas-Alatriste) Biblioteca del Museo Franz Mayer (Rogerio Casas-Alatriste) 10/03/2014 3117   NK2135 .H66 1970 (3117) 8568 22/03/2019 22/03/2019 Libros